| 000 | 00534nam a2200169 4500 | ||
|---|---|---|---|
| 999 |
_c4022 _d4022 |
||
| 008 | 160822b xxu||||| |||| 00| 0 eng d | ||
| 022 | _a2094-8042 | ||
| 082 | _aDPer 370.105 M72 Jan-Dec 2012 v. 60-61 | ||
| 100 |
_913433 _aDela Cruz, John A. |
||
| 243 | _aThe modern teacher | ||
| 245 |
_aPowerful people are thrifty/ _cJohn A. Dela Cruz. |
||
| 260 |
_aPhilippines: _bIn the Grade School, Inc., _c©2012. |
||
| 300 |
_av60 n8, page 323; _c28 cm. |
||
| 500 | _aThe Modern Teacher. | ||
| 650 | 0 |
_913434 _aWealth |
|
| 942 |
_2ddc _cPER |
||